| 000 | 00499nam a22001937a 4500 | ||
|---|---|---|---|
| 003 | MPLRDC | ||
| 005 | 20220104201603.0 | ||
| 008 | 210129b ||||| |||| 00| 0 eng d | ||
| 020 | _a7-5034-1709-9 | ||
| 082 | _a856.6 NGQ | ||
| 100 | _a倪国强 编 | ||
| 245 |
_a黟县民间古楹联集粹 _c |
||
| 250 | _a初版一刷 | ||
| 260 |
_a中国 _b中国文史出版社 _c2011 |
||
| 300 | _b平 | ||
| 520 | _a上架 2017-07-16。 | ||
| 650 | _a楹联;寿文;婉词 | ||
| 942 |
_cBK _o856.6 NGQ |
||
| 999 |
_c67240 _d67230 |
||